Brock Lesnar - UFC Opponents - Statistics

General Stats
  • This quiz has been taken 21 times
  • The average score is 5 of 8
Answer Stats
Date W/L/D Opponent % Correct
11/07/09 WIN - TKO - R2 [C] Frank Mir
88%
02/02/08 LOSS - SUB - R1 Frank Mir
88%
30/12/11 LOSS - KO - R1 Alistair Overeem
76%
32/10/10 LOSS - TKO - R1 [C] Cain Velasquez
65%
15/11/08 WIN - TKO - R2 [C] Randy Couture
65%
09/07/16 NC - Overturned Mark Hunt
53%
03/07/10 WIN - SUB - R2 [C] Shane Carwin
53%
09/08/08 WIN - U/DEC - R3 Heath Herring
18%
No matching quizzes found
Score Distribution
Percent of People with Each Score
Percentile by Number Answered
Your Score History
You have not taken this quiz